000 00611nam a2200217Ia 4500
005 20250508170118.0
008 008 250505s9999 xx 000 0 eng d
020 _a978-93-5050-136-8
037 _aTextual
040 _aFEDL
_beng
_cFEDL
041 _aeng
_2eng
084 _a300.7, SHA
_qFEDL
100 _aShankaraiah K C
_9783062
245 0 _aPadagogy of social sciences
260 _aNew Delhi, India
_bNeelkamal
_c2020
300 _axi, 265p.
365 _aINR
_b995
700 _a Murthy Srinivasa Kolluri Elisha
_9783063
942 _cTEXL
_h300.7, SHA
999 _c1399274
_d1399274